Rád obětoval všechno : vzpomínky ze života služebníka Božího P. Antonína Šuránka / uspořádal A.K.
Record details
- Physical Description: 263 s. ; 21 cm
- Publisher: Ve Vrchoslavicích : A. Kotek, 1996
Content descriptions
| General Note: | Obsahuje rejstříky |
Search for related items by subject
| Subject: | Šuránek, Antonín, 1902-1982 katoličtí kněží > Česko > 20. stol. |
| Genre: | biografie |
Available copies
- 1 of 1 copy available at Common Catalog SPOK.
Holds
- 0 current holds with 1 total copy.
Show Only Available Copies
| Location | Call Number / Copy Notes | Barcode | Shelving Location | Status | Due Date |
|---|---|---|---|---|---|
| KDS Library | 2:929 KoA | 204576803361 | Library | Available | - |
| LDR | 01185nam a22003617a 4500 | ||
|---|---|---|---|
| 001 | 22710 | ||
| 003 | CZ-PrJAB | ||
| 005 | 20150724114907.0 | ||
| 007 | ta | ||
| 008 | 131031s1996 xr e 001 0bcze | ||
| 020 | . | ‡q(Brož.) | |
| 035 | . | ‡a(CZ PrSKC)vkol001050812 | |
| 040 | . | ‡aOLA001 ‡bcze | |
| 043 | . | ‡ae-xr--- | |
| 045 | . | ‡ax-x- | |
| 072 | 7. | ‡a271/279 ‡xKřesťanské církve, sekty, denominace ‡2Konspekt ‡95 | |
| 072 | 7. | ‡a929 ‡xBiografie ‡2Konspekt ‡98 | |
| 080 | . | ‡a272-726.3 ‡2MRF | |
| 080 | . | ‡a929 ‡2MRF | |
| 080 | . | ‡a(437.3) ‡2MRF | |
| 080 | . | ‡a(092) ‡2MRF | |
| 245 | 0 | 0. | ‡aRád obětoval všechno : ‡bvzpomínky ze života služebníka Božího P. Antonína Šuránka / ‡cuspořádal A.K. |
| 260 | . | ‡aVe Vrchoslavicích : ‡bA. Kotek, ‡c1996 | |
| 300 | . | ‡a263 s. ; ‡c21 cm | |
| 500 | . | ‡aObsahuje rejstříky | |
| 600 | 1 | 7. | ‡aŠuránek, Antonín, ‡d1902-1982 ‡7jn19990209901 ‡2czenas |
| 648 | 4. | ‡a1902-1982 | |
| 648 | 7. | ‡a20. století ‡7ch460558 ‡2czenas | |
| 650 | 0 | 7. | ‡akatoličtí kněží ‡7ph114899 ‡zČesko ‡y20. stol. ‡2czenas |
| 655 | 7. | ‡abiografie ‡7fd131909 ‡2czenas | |
| 700 | 1 | . | ‡aKotek, Alois, ‡d1927-2013 ‡7ola20040304002 ‡4edt |
| 900 | . | ‡aOLA001 ‡b14 | |
| 910 | . | ‡aABE463 | |
| 998 | . | ‡a006035899 | |
| 901 | . | ‡a22710 ‡b ‡c22710 ‡tbiblio | |